Statistics for Newcastle United Managers 1992-2015

Click here to take the quiz!

General Stats

  • This quiz has been taken 399 times
  • The average score is 10 of 13

Answer Stats

NationalityTime as ManagerAnswer% Correct
England1992-1997Kevin Keegan
93%
England2008Kevin Keegan
93%
England2010-2015Alan Pardew
89%
England1999-2004Sir Bobby Robson
86%
England2009Alan Shearer
81%
Netherlands1998-1999Ruud Gullit
80%
Scotland1997-1998Kenny Dalglish
74%
Scotland2004-2006Graeme Souness
71%
Ireland2009-2010Chris Hughton
69%
England2007-2008Sam Allardyce
68%
Ireland2008-2009Joe Kinnear
61%
England2006-2007Glenn Roeder
57%
England2015-John Carver
56%

Score Distribution

Percentile by Number Answered

Percent of People with Each Score

Your Score History

You have not taken this quiz